000 00447nam a2200181Ia 4500
005 20240913125355.0
008 240913s9999||||xx |||||||||||||| ||und||
041 _aENGLISH
082 _A005.73 M4
100 _aKruse,Robert L
245 0 _aData Structures and Program Design
250 _a1st
260 _c1984
_bPHI,New York
500 _aREFERENCE
650 _aData Structure
_bInformation Technology
942 _cREF
999 _c245411
_d245411